The Little Green Data Book 2003 (Record no. 14391)

000 -LEADER
fixed length control field 01346cam a22002654a 4500
020 ## - INTERNATIONAL STANDARD BOOK NUMBER
ISBN 0821354272
040 ## - CATALOGING SOURCE
Transcribing agency DDC
082 ## - DEWEY DECIMAL CLASSIFICATION NUMBER
Classification number 330 WOR 2003 A065 Or.
110 2# - MAIN ENTRY--CORPORATE NAME
Corporate name or jurisdiction name as entry element World Bank.
245 14 - TITLE STATEMENT
Title The Little Green Data Book 2003
260 ## - PUBLICATION, DISTRIBUTION, ETC. (IMPRINT)
Place of publication Washington, D.C. :
Name of publisher The World Bank,
Year of publication 2003.
300 ## - PHYSICAL DESCRIPTION
Number of Pages 1 online resource (240 p.)
490 1# - SERIES STATEMENT
Series statement World Development Indicators
520 3# - SUMMARY, ETC.
Summary, etc The Little Green Data Book 2003 is a pocket-sized ready reference on key environmental data for over 200 countries. Key indicators are organized under the headings of agriculture, forestry, biodiversity, energy, emission and pollution, and water and sanitation. The World Bank's mission is to fight poverty for lasting results. Enhancing environmental quality, improving natural resource management, and maintaining global ecosystems are all important steps towards this goal, and The Little Green Data Book provides a baseline against which to measure progress.
650 #4 - SUBJECT ADDED ENTRY--TOPICAL TERM
Topical Term Climate Change.
650 #4 - SUBJECT ADDED ENTRY--TOPICAL TERM
Topical Term Energy.
650 #4 - SUBJECT ADDED ENTRY--TOPICAL TERM
Topical Term Energy and Environment.
650 #4 - SUBJECT ADDED ENTRY--TOPICAL TERM
Topical Term Energy Production and Transportation.
650 #4 - SUBJECT ADDED ENTRY--TOPICAL TERM
Topical Term Environment.
650 #4 - SUBJECT ADDED ENTRY--TOPICAL TERM
Topical Term Environment and Energy Efficiency.
650 #4 - SUBJECT ADDED ENTRY--TOPICAL TERM
Topical Term Environmental Economics and Policies.
710 2# - ADDED ENTRY--CORPORATE NAME
Corporate name or jurisdiction name as entry element World Bank.
856 40 - ELECTRONIC LOCATION AND ACCESS
Uniform Resource Identifier http://elibrary.worldbank.org/content/book/9780821354278
942 ## - ADDED ENTRY ELEMENTS (KOHA)
Koha item type សៀវភៅភាសាអង់គ្លេស
952 ## - LOCATION AND ITEM INFORMATION (KOHA)
Withdrawn status [LOCAL, KOHA] 0
Holdings
Permanent Location Date acquired Koha item type Lost status Shelving location Barcode Current Location Full call number
Library Block A2017-10-16សៀវភៅភាសាអង់គ្លេស A065A21607Library Block A330 WOR 2003 A065 Or.
មជ្ឈមណ្ឌលឯការនៃសាកលវិទ្យាល័យភូមិន្ទកសិកម្មចំការដូង

Powered by Koha